Považská Bystrica - verejné priestory v meste

Gespeichert in:
Bibliographische Detailangaben
1. Verfasser: Smetanová, Gabriela (Verfasst von)
Weitere Verfasser: Čúrna, Janka (Betreuung Doktorarbeit)
Format: Manuskript Buch
Sprache:Slowakisch
Veröffentlicht: Bratislava 2016
Schlagworte:
Online-Zugang:http://is.stuba.sk/zp/portal_zp.pl?podrobnosti=83151
Tags: Tag hinzufügen
Keine Tags, Fügen Sie das erste Tag hinzu!

MARC

LEADER 00000ntm a22000003a 4500
001 stuzp57806
003 SK-STU
005 20210222101620.9
007 ta
008 150427s2015----xo-----f-mn---000-0-slo-d
040 |a STU  |b slo 
041 0 |a slo 
100 1 |a Smetanová, Gabriela  |u 056160  |4 aut  |U FAD Fakulta architektúry  |T FA Ústav urbanizmu a územného plánovania  |X 43723  |U A6160  |Y 397  |7 43723 
242 0 1 |a Považská Bystrica - public spaces  |y eng 
245 1 0 |a Považská Bystrica - verejné priestory v meste 
260 |c 2016  |a Bratislava 
650 4 |a verejný priestor  |2 slo 
650 4 |a transofrmácia  |2 slo 
650 4 |a plynulosť  |2 slo 
650 4 |a public space  |2 eng 
650 4 |a transformation  |2 eng 
650 4 |a fluidity  |2 eng 
700 1 |a Čúrna, Janka  |u 056160  |k Z2  |4 ths  |U FAD Fakulta architektúry  |T FA Ústav urbanizmu a územného plánovania  |X 461  |U A6160  |Y 397  |7 A000000461 
856 4 |u http://is.stuba.sk/zp/portal_zp.pl?podrobnosti=83151  |u https://opac.crzp.sk/?fn=detailBiblioForm&sid=28C7416B5E23CF19947579CEF8E1 
SQL |a stuzp57806  |b DBP  |c SLO  |d Považská Bystrica - verejné priestory v meste  |e 43723  |f Smetanová, Gabriela  |g 056160  |h 461  |i Čúrna, Janka  |j 20160609  |k 149  |l 05  |m http://is.stuba.sk/zp/portal_zp.pl?podrobnosti=83151  |n B-AU  |o 5.1.1. architektúra a urbanizmus